Houses in the rainforest : ethnicity and inequality among farmers and foragers in Central Africa
Αποθηκεύτηκε σε:
| Κύριος συγγραφέας: | |
|---|---|
| Μορφή: | Βιβλίο |
| Γλώσσα: | English |
| Δημοσίευση: |
Berkley :
University of California Press,
c1994
|
| Θέματα: | |
| Ετικέτες: |
Προσθήκη ετικέτας
Δεν υπάρχουν, Καταχωρήστε ετικέτα πρώτοι!
|
MARC
| LEADER | 00000nam a2200000 i 4500 | ||
|---|---|---|---|
| 001 | 1/64724 | ||
| 008 | 981223s1994 eng d | ||
| 020 | |a 0-520-08975-8 | ||
| 035 | |l 10047013 | ||
| 040 | |a GR-MY-UA |b gre |e aacr | ||
| 041 | 0 | |a eng | |
| 082 | 0 | |a 305.800967515 | |
| 100 | 1 | |a Grinker, Roy Richard |d 1900- | |
| 245 | 1 | 0 | |a Houses in the rainforest : |b ethnicity and inequality among farmers and foragers in Central Africa / |c Roy Richard Grinker |
| 260 | |a Berkley : |b University of California Press, |c c1994 | ||
| 300 | |a 225 p. |b fig. | ||
| 504 | |a Includes bibliographical references and index | ||
| 650 | 0 | 0 | |a Efe (African people) |x Hunting. |
| 650 | 0 | 0 | |a Efe (African people) |x Ethnic identity. |
| 650 | 0 | 0 | |a Hunting and gathering societies |z Congo |z Ituri Forest. |
| 650 | 0 | 0 | |a Lese (African people) |x Agriculture. |
| 650 | 0 | 0 | |a Lese (African people) |x Ethnic identity. |
| 650 | 0 | 0 | |a Agriculture |x Social aspects |z Zaire |z Ituri Forest. |
| 651 | 0 | |a Ituri Forest (Congo) |x Ethnic relations. | |
| 852 | |a INST |b LESVOS |e 19981223 |h 305.800967515 GRI |p 005100017706 |q 005100017706 |t BK |y 0 | ||
| 901 | |a BIBL-1999-1 | ||
| 909 | |a Λ |b 061014 | ||
| 922 | |a 1ΕΛΗ |b 199811 |c ΚΠΣ/ΤΚ |d ΠΑΠΑΣΩΤΗΡΙΟΥ | ||
| 950 | |a 103-1998-07-27 | ||